000 00555nam a2200181 i 4500
001 87125
003 ES-MaACL
005 20251017110214.0
007 t|
008 041220s1925 fr ||||1| fre d
100 1 _aKovalevski, Pierre.
_968672
245 1 0 _aN. S. Leskov, peintre méconnu de la vie nationale russe /
_cPierre Kovalevski.
260 _aParis :
_bPresses Universitaires,
_c1925.
300 _aXV, 266 p. ;
_c23 cm.
600 1 4 _aLeskov, Nikolaï Semionovich,
_d1831-1895
_971842
852 _aES-MaACL
_jA-2971
999 _c87125
_d87125